The Evolution of Human Nature. (Record no. 468)

MARC details
000 -LEADER
fixed length control field 00343nam a22001217a 4500
005 - DATE AND TIME OF LATEST TRANSACTION
control field 20200813113235.0
008 - FIXED-LENGTH DATA ELEMENTS--GENERAL INFORMATION
fixed length control field 200813b ||||| |||| 00| 0 eng d
020 ## - INTERNATIONAL STANDARD BOOK NUMBER
International Standard Book Number 08070
040 ## - CATALOGING SOURCE
Transcribing agency CML
245 ## - TITLE STATEMENT
Title The Evolution of Human Nature.
Statement of responsibility, etc. Herrick C.J.
260 ## - PUBLICATION, DISTRIBUTION, ETC.
Place of publication, distribution, etc. America
Name of publisher, distributor, etc. Happer Torchbooks
Date of publication, distribution, etc. 1967
942 ## - ADDED ENTRY ELEMENTS (KOHA)
Source of classification or shelving scheme Dewey Decimal Classification
Koha item type Books
Edition 1
Classification part 155
Call number suffix HER
Holdings
Withdrawn status Lost status Source of classification or shelving scheme Damaged status Not for loan Collection code Home library Current library Shelving location Date acquired Total Checkouts Full call number Date last seen Copy number Price effective from Koha item type
    Dewey Decimal Classification     Religion Chalimbana Main Library Chalimbana Main Library Religion 08/13/2020   155.7 HER 08/13/2020 1 08/13/2020 Books
    Dewey Decimal Classification     Religion Chalimbana Main Library Chalimbana Main Library Religion 08/13/2020   155.7 HER 08/13/2020 1 08/13/2020 Books
    Dewey Decimal Classification     Religion Chalimbana Main Library Chalimbana Main Library Religion 08/13/2020   155.7 HER 08/13/2020 1 08/13/2020 Books

Powered by Koha